=LDR 00000nam 2200000 4500 =001 NUTBA000000000005148 =005 20141022112958.0 =006 =007 =008 =020 ##$$a 978-602-8519-33-2 =035 ##$$a 0010-101400000000378 =040 ##$$a NBPDMAT =090 ##$$a 551.483 095 984 $b Meg f =100 ##$$a Mega Handayani =245 ##$$a Fungsi sungai bagi masyarakat Kalimantan/ $c Mega Hnadayani =250 ##$$a Cet. 2 =260 ##$$a Jakarta : $b Ghina Walafafa, $c 2011 =300 ##$$a ... jil : $b ilus. ; $c 24 cm. =500 ##$$a Yang ada Jil. 1 dan 2 =650 ##$$a Sungai, Fungsi - Kalimantan =850 ##$$a NBPDMAT